Chiave biblica, ossia Concordanza della Sacra Scrittura compilata sulla versione riveduta. (Record n. 29562)
[ formato base ]
| 000 -LEADER | |
|---|---|
| fixed length control field | 00636nam a2200193 i 4500 |
| 003 - CONTROL NUMBER IDENTIFIER | |
| control field | IT-RoINE |
| 005 - DATE AND TIME OF LATEST TRANSACTION | |
| control field | 20190313080515.0 |
| 008 - FIXED-LENGTH DATA ELEMENTS--GENERAL INFORMATION | |
| fixed length control field | 031005s1981 it r 000 | ita d |
| 040 ## - CATALOGING SOURCE | |
| Original cataloging agency | PUG |
| Transcribing agency | IT-RoINE |
| Modifying agency | IT-RoINE |
| 245 00 - TITLE STATEMENT | |
| Title | Chiave biblica, ossia Concordanza della Sacra Scrittura compilata sulla versione riveduta. |
| 246 32 - VARYING FORM OF TITLE | |
| Title proper/short title | Concordanza della Sacra Scrittura compilata sulla versione riveduta. |
| 260 ## - PUBLICATION, DISTRIBUTION, ETC. (IMPRINT) | |
| Place of publication, distribution, etc | Torino : |
| Name of publisher, distributor, etc | Claudiana, |
| Date of publication, distribution, etc | 1981. |
| 300 ## - PHYSICAL DESCRIPTION | |
| Extent | 753 p. ; |
| Dimensions | 25 cm. |
| 336 ## - CONTENT TYPE | |
| Source | rdacontent |
| Content type term | text |
| 337 ## - MEDIA TYPE | |
| Source | rdamedia |
| Media type term | unmediated |
| 338 ## - CARRIER TYPE | |
| Source | rdacarrier |
| Carrier type term | volume |
| 630 #4 - SUBJECT ADDED ENTRY--UNIFORM TITLE | |
| 9 (RLIN) | 1005 |
| Uniform title | Biblia |
| General subdivision | Concordancias |
| 942 ## - ADDED ENTRY ELEMENTS (KOHA) | |
| Item type | Monografías |
| Withdrawn status | Lost status | Damaged status | Not for loan | Home library | Current library | Date acquired | Total Checkouts | Full call number | Barcode | Date last seen | Price effective from | Koha item type |
|---|---|---|---|---|---|---|---|---|---|---|---|---|
| Iglesia Nacional Española en Roma | Iglesia Nacional Española en Roma | 13/03/2019 | NOVALÍN 1759 | NOV-1924 | 13/03/2019 | 13/03/2019 | Monografías |